Jurassic World Alive - Statistics

General Stats
  • This quiz has been taken 124 times
    8 since last reset
  • The average score is 97 of 495
Answer Stats
Hint Answer % Correct
Epic Ankylosaurus
86%
Legendary Indominus rex
86%
Rare Spinosaurus
86%
Common Stegosaurus
86%
Epic Tyrannosaurus
86%
Epic Blue
71%
Epic Brachiosaurus
71%
Rare Carnotaurus
71%
Rare Charlie
71%
Rare Dilophosaurus
71%
Common Velociraptor
71%
Common Allosaurus
57%
Common Apatosaurus
57%
Epic Compsognathus
57%
Unique Indoraptor
57%
Common Majungasaurus
57%
Rare Quetzalcoatlus
57%
Legendary Rexy
57%
Epic Sinoceratops
57%
Common Tarbosaurus
57%
Rare Triceratops
57%
Rare Amargasaurus
43%
Common Ankylosaurus Gen 2
43%
Apex Ankylos Lux
43%
Rare Argentinosaurus
43%
Epic Baryonyx
43%
Legendary Buck
43%
Epic Carbonemys
43%
Unique Ceratosaurus
43%
Epic Concavenator
43%
Common Deinonychus
43%
Rare Delta
43%
Common Dilophosaurus Gen 2
43%
Common Dimorphodon
43%
Epic Diplodocus
43%
Legendary Doe
43%
Rare Echo
43%
Common Gallimimus
43%
Rare Gorgosaurus
43%
Apex Hadros Lux
43%
Common Hatzegopteryx
43%
Epic Indominus rex Gen 2
43%
Legendary Indoraptor Gen 2
43%
Rare Irritator
43%
Common Irritator Gen 2
43%
Rare Kaprosuchus
43%
Rare Majundasuchus
43%
Rare Megalosaurus
43%
Apex Mortem Rex
43%
Rare Nasutoceratops
43%
Common Nundasuchus
43%
Rare Ornithomimus
43%
Epic Panthera
43%
Rare Proceratosaurus
43%
Epic Pteranodon
43%
Apex Pteranokyrie
43%
Legendary Pteraquetzal
43%
Epic Pyroraptor
43%
Rare Pyroraptor Gen 2
43%
Legendary Rajakylosaurus
43%
Epic Rajasaurus
43%
Common Sarcosuchus
43%
Common Sinosauropteryx
43%
Epic Spinosaurus Gen 2
43%
Common Suchomimus
43%
Rare Suchotator
43%
Rare Tapejara
43%
Rare Therizinosaurus
43%
Rare Tuojiangosaurus
43%
Rare Tyrannosaurus Gen 2
43%
Rare Utahraptor
43%
Apex Alacranix
29%
Epic Alanqa
29%
Unique Albertocevia
29%
Rare Albertosaurus
29%
Epic Allosaurus Gen 2
29%
Legendary Allosinosaurus
29%
Epic Anurognathus
29%
Common Archaeotherium
29%
Legendary Ardontosaurus
29%
Rare Baryonyx Gen 2
29%
Apex Beckljara
29%
Epic Beta
29%
Omega Big Eatie
29%
Epic Blonde
29%
Common Brontotherium
29%
Epic Brunette
29%
Epic Bumpy
29%
Omega Carcharodontosaurus
29%
Legendary Carnotarkus
29%
Common Centrosaurus
29%
Omega Ceratosaurus Gen 2
29%
Common Coelurosauravus
29%
Unique Compsocaulus
29%
Rare Compsognathus Gen 2
29%
Unique Compsoraptor
29%
Common Deinocheirus
29%
Rare Dimetrodon
29%
Common Diplocaulus
29%
Rare Diplocaulus Gen 2
29%
Rare Dire Wolf
29%
Rare Doedicurus
29%
Rare Dracorex
29%
Common Dracorex Gen 2
29%
Unique Dracovenator
29%
Legendary Dreadactylus
29%
Rare Dreadnoughtus
29%
Rare Einiasuchus
29%
Common Einiosaurus
29%
Rare Elasmotherium
29%
Epic Erlikogamma
29%
Epic Erlikosaurus
29%
Rare Erlikosaurus Gen 2
29%
Epic Eucladoceros
29%
Common Euoplocephalus
29%
Rare Fukuisaurus
29%
Epic Ghost
29%
Epic Giganotosaurus
29%
Epic Gorgosuchus
29%
Unique Grypolyth
29%
Epic Gryposuchus
29%
Omega Homalocephale
29%
Apex Indonemys
29%
Rare Inostherium
29%
Common Inostrancevia
29%
Unique Junior
29%
Epic Kentrosaurus
29%
Omega Lambeosaurus
29%
Omega Little Eatie
29%
Common Lythronax
29%
Unique Magnapyritor
29%
Apex Magnaraptor
29%
Rare Megaloceros
29%
Apex Megalocevia
29%
Legendary Megalosuchus
29%
Legendary Megistocurus
29%
Epic Megistotherium
29%
Rare Meiolania
29%
Epic Microraptor
29%
Epic Monolophosaurus
29%
Common Monolophosaurus Gen 2
29%
Epic Moros
29%
Rare Nodosaurus
29%
Epic Pachycephalosaurus
29%
Legendary Panthera blytheae
29%
Unique Pantherator
29%
Common Parasaurolophus
29%
Legendary Parasaurolophus lux
29%
Common Plateosaurus
29%
Rare Postosuchus
29%
Rare Preondactylus
29%
Rare Purrolyth
29%
Rare Purussaurus
29%
Common Purussaurus Gen 2
29%
Legendary Pyrritator
29%
Epic Quetzalcoatlus Gen 2
29%
Unique Quetzorion
29%
Epic Red
29%
Apex Refrenantem
29%
Apex Sah Panthera
29%
Epic Sarcorixis
29%
Legendary Scorpius rex
29%
Epic Secodontosaurus
29%
Unique Smilonemys
29%
Legendary Spinoceratops
29%
Unique Spinoconstrictor
29%
Omega Spinosaurus aegyptiacus
29%
Epic Spinotahraptor
29%
Epic Stegoceras
29%
Epic Stegoceratops
29%
Omega Stegosaurus ungulatus
29%
Common Tanycolagreus
29%
Unique Tenontorex
29%
Rare Tenontosaurus
29%
Unique Testacornibus
29%
Epic Thylacotator
29%
Epic Tiger
29%
Epic Titanoboa
29%
Rare Titanoboa Gen 2
29%
Epic Titanosaurus
29%
Omega Toro
29%
Common Triceratops Gen 2
29%
Legendary Tyrannolophosaurus
29%
Epic Woolly Mammoth
29%
Epic Woolly Rhino
29%
Rare Wuerhosaurus
29%
Omega Yutyrannus
29%
Epic Acrocanthosaurus
14%
Unique Alankyloceratops
14%
Legendary Alankylosaurus
14%
Unique Albertospinos
14%
Unique Allodrigues
14%
Legendary Alloraptor
14%
Common Amphicyon
14%
Rare Andrewsarchus
14%
Epic Andrewtodon
14%
Unique Andrewtops
14%
Legendary Ankylodactylus
14%
Epic Ankylodicurus
14%
Legendary Ankyntrosaurus
14%
Epic Antarctopelta
14%
Unique Antarctovenator
14%
Rare Aquilops
14%
Apex Aquilotae
14%
Unique Aquiraptor
14%
Legendary Aquisaurus
14%
Rare Arambourgiania
14%
Legendary Arctalces
14%
Rare Arctodus
14%
Rare Arctops
14%
Apex Arctovasilas
14%
Unique Ardentismaxima
14%
Rare Argentavis
14%
Unique Atrocimoloch
14%
Rare Bajadasaurus
14%
Legendary Bajatonodon
14%
Unique Baryosaurus
14%
Apex Baryotor
14%
Legendary Becklolyth
14%
Legendary Becklophosaurus
14%
Epic Beelzebufo
14%
Omega Big One
14%
Legendary Carbotoceratops
14%
Legendary Centroceratops
14%
Apex Compsovenator
14%
Legendary Concakuisaurus
14%
Apex Concatoloch
14%
Unique Concatosaurus
14%
Unique Constrictoraptor
14%
Omega Cryolophosaurus
14%
Epic Dakotaraptor
14%
Legendary Darwezopteryx
14%
Epic Darwinopterus
14%
Rare Deinosuchus
14%
Rare Deinotherium
14%
Epic Deinotops
14%
Omega Diabloceratops
14%
Unique Diloracheirus
14%
Legendary Diloranosaurus
14%
Apex Dilozorion
14%
Common Dimetrodon Gen 2
14%
Unique Diorajasaurus
14%
Rare Diplotator
14%
Legendary Diplovenator
14%
Unique Distortus rex
14%
Epic Dodo
14%
Legendary Dracoceratops
14%
Unique Dracoceratosaurus
14%
Apex Draco intrepidus
14%
Apex Draco lux
14%
Legendary Dsungaia
14%
Rare Dsungaripterus
14%
Unique Dsungascorpios
14%
Epic Edmontoguanodon
14%
Rare Edmontosaurus
14%
Rare Entelodon
14%
Unique Entelolania
14%
Legendary Eremoceros
14%
Common Eremotherium
14%
Unique Erlidominus
14%
Unique Erlikospyx
14%
Omega Fukuiraptor
14%
Apex Geminideus
14%
Unique Geminititan
14%
Omega Geosternbergia
14%
Epic Gigantspinosaurus
14%
Unique Giganyx
14%
Rare Giraffatitan
14%
Legendary Glyptoceras
14%
Common Glyptodon
14%
Apex Glyptosavis
14%
Rare Gorgonops
14%
Apex Gorgotrebax
14%
Apex Gryganyth
14%
Legendary Grylenken
14%
Epic Haast Eagle
14%
Rare Haast Eagle Gen 2
14%
Apex Haast Maximus
14%
Apex Hydra Boa
14%
Omega Ichthyovenator
14%
Common Iguanodon
14%
Apex Imperatosuchus
14%
Apex Indochicyon
14%
Apex Indolycan
14%
Rare Kelenken
14%
Legendary Koolabourgiana
14%
Epic Koolasuchus
14%
Rare Koolasuchus Gen 2
14%
Rare Leucistic Baryonyx
14%
Epic Lystrosaurus
14%
Legendary Lystrosuchus
14%
Epic Maiasaura
14%
Epic Majundaboa
14%
Legendary Mammotherium
14%
Omega Masiakasaurus
14%
Omega Mastodonsaurus
14%
Omega Megalania
14%
Rare Megalonyx
14%
Epic Megalotops
14%
Common Megaraptor
14%
Common Miragaia
14%
Legendary Monkeydactyl
14%
Apex Monolomoth
14%
Unique Monolorhino
14%
Legendary Monomimus
14%
Legendary Monostegotops
14%
Rare Moschops
14%
Unique Mutadon
14%
Legendary Nodopatotitan
14%
legendary Nyctosaurus
14%
Omega Olorotitan
14%
Epic Ouranosaurus
14%
Epic Ovilophosaurus
14%
Rare Oviraptor
14%
Epic Oviraptor Gen 2
14%
Unique Ovylenken
14%
Legendary Paramoloch
14%
Unique Parasauthops
14%
Unique Phorurex
14%
Legendary Phorusaura
14%
Common Phorusrhacos
14%
Epic Postimetrodon
14%
Unique Poukandactylus
14%
Epic Protoceratops
14%
Apex Proto lux
14%
Unique Protonodon
14%
Unique Pterovexus
14%
Epic Pulmonoscorpius
14%
Epic Purrutaurus
14%
Unique Pyrorixis
14%
Legendary Pyrosuchus
14%
Unique Quetzaljara
14%
Apex Rajadorixis
14%
Epic Rinchenia
14%
Legendary Rinchicyon
14%
Rare Rodrigues Solitaire
14%
Legendary Sarcosaurus
14%
Common Saurornitholestes
14%
Rare Scaphognathus
14%
Epic Scaphotator
14%
Legendary Scelidosaurus
14%
Common Scolosaurus
14%
Epic Scorpius rex Gen 2
14%
Unique Scorpius rex Gen 3
14%
Legendary Scutophicyon
14%
Epic Scutosaurus
14%
Legendary Segnoraptor
14%
Omega Segnosaurus
14%
Common Shantungosaurus
14%
Legendary Sinokotaraptor
14%
Legendary Skoolasaurus
14%
Apex Skoonametrodon
14%
Unique Skoonasaurus
14%
Unique Skorpiostegotops
14%
Rare Skorpiovenator
14%
Legendary Smilocephalosaurus
14%
Epic Smilodon
14%
Legendary Spinonyx
14%
Legendary Spinosaurus Rebirth
14%
Legendary Stegodeus
14%
Omega Stegourus
14%
Epic Struthiomimus
14%
Unique Stygidaryx
14%
Epic Stygimoloch
14%
Common Stygimoloch Gen 2
14%
Unique Styracosaurus lux
14%
Legendary Tarbognathus
14%
Unique Thoradolosaurus
14%
Legendary Thylaconyx
14%
Unique Thylos
14%
Legendary Tragodistis
14%
Unique Troodoboa
14%
Epic Troodon
14%
Unique Trykosaurus
14%
Legendary Tsintamoth
14%
Epic Tsintaosaurus
14%
Unique Tuoramoloch
14%
Rare Tupandactylus
14%
Unique Tyrannometrodon
14%
Unique Utarinex
14%
Legendary Utasinoraptor
14%
Omega Vectispinus
14%
Epic Velosrhacos
14%
Omega Yuxisaurus
14%
Legendary Acrocanthops
0%
Unique Aenocynonyx
0%
Unique Aerospinosaurus
0%
Epic Aerotitan
0%
Epic Ailurarctos
0%
Apex Alankydactylus
0%
Epic Amargocephalus
0%
Unique Ampelorex
0%
Epic Ampelosaurus
0%
Epic Andrewtherium
0%
Legendary Angel
0%
Epic Animantarx
0%
Rare Ankylocodon
0%
Legendary Ankylomoloch
0%
Unique Apatoceratops
0%
Legendary Aquicomilus
0%
Apex Aquignathus
0%
Epic Aquilamimus
0%
Unique Aquilosaurus
0%
Rare Archaeopteryx
0%
Unique Arctocanis
0%
Unique Ardontognathus
0%
Epic Argenteryx
0%
Unique Atrocodistis
0%
Apex Atrocomaxima
0%
Apex Atromolistis
0%
Omega Australotitan
0%
Epic Baryothus
0%
Apex Becklerizaurus
0%
Omega Borealopelta
0%
Epic Brontolasmus
0%
Legendary Canis armbrusteri
0%
Apex Centrolophus lux
0%
Apex Ceramagnus
0%
Apex Ceranosaurus
0%
Apex Cerastegotops
0%
Rare Cervalces
0%
Legendary Coelhaast
0%
Unique Crichtomoloch
0%
Rare Crichtonsaurus
0%
Unique Dakotacurus
0%
Legendary Dakotanops
0%
Unique Deinomimus
0%
Legendary Dilophoboa
0%
Epic Dimodactylus
0%
Legendary Dodocevia
0%
Legendary Edaphocevia
0%
Epic Edaphosaurus
0%
Legendary Enteloceros
0%
Epic Entelochops
0%
Legendary Entelomoth
0%
Apex Eremocanis
0%
Omega Erythrosuchus
0%
Unique Estemmenosuchus
0%
Legendary Fukuimimus
0%
Apex Fukuitops
0%
Unique Giganspinoceratops
0%
Legendary Gigaspikasaurus
0%
Legendary Graciliraptor
0%
Rare Herrerasaurus
0%
Unique Indotaurus
0%
Legendary Keratoporcus
0%
Omega Koreanosaurus
0%
Omega Leaellynasaura
0%
Unique Lystrosavis
0%
Unique Mammolania
0%
Epic Megalogaia
0%
Legendary Megamimus
0%
Unique Monkeyondactylus
0%
Legendary Monolometrodon
0%
Legendary Nanophosaurus
0%
Rare Nanotyrannus
0%
Epic Nodopatosaurus
0%
Unique Nomingia
0%
Apex Nominrex
0%
Unique Nyctopteryx
0%
Common Ophiacodon
0%
Legendary Ovilophomoloch
0%
Unique Ovinnolophosaurus
0%
Legendary Pierce
0%
Unique Plateopikasaurus
0%
Apex Plateorex
0%
Legendary Poukaidei
0%
Epic Proceratomimus
0%
Unique Rajadotholus
0%
Legendary Rajatholus
0%
Omega Rativates
0%
Legendary Rebel
0%
Unique Sarcomantarx
0%
Epic Saurolyth
0%
Omega Saurophaganax
0%
Unique Segnotherisaurus
0%
Legendary Shantunrax
0%
Omega Sinraptor
0%
Legendary Skorpiodactylus
0%
Epic Sonorasaurus
0%
Rare Sphaerotholus
0%
Legendary Spinosaurus Rebirth Gen 2
0%
Legendary Spinotasuchus
0%
Apex Spinotops
0%
Rare Thylacoleo
0%
Rare Thylacosmilus
0%
Unique Titanotarkus
0%
Apex Titanotholus
0%
Legendary Titanotor
0%
Apex Trykovenator
0%
Legendary Tryostronyx
0%
Unique Tyrannodactylus
0%
Omega Tyrannosaurus 93 Classic
0%
Legendary Tyrannosaurus Rebirth
0%
Legendary Velociraptor Rebirth
0%
No matching quizzes found
Score Distribution
Percent of People with Each Score
Percentile by Number Answered
Your Score History
You have not taken this quiz since the last reset